LIBRARY & INFORMATION CENTRE, KCAET, TAVANUR

ONLINE PUBLIC ACCESS CATALOGUE (OPAC)

Evaluation and refinement of low cost automation system for naturally ventilated greenhouse / (Record no. 19464)

MARC details
000 -LEADER
fixed length control field 00394nam a22001217a 4500
003 - CONTROL NUMBER IDENTIFIER
control field OSt
082 ## - DEWEY DECIMAL CLASSIFICATION NUMBER
Classification number 631.75807
Item number JIN/EV
100 ## - MAIN ENTRY--AUTHOR NAME
Personal name Jinu A
245 ## - TITLE STATEMENT
Title Evaluation and refinement of low cost automation system for naturally ventilated greenhouse /
260 ## - PUBLICATION, DISTRIBUTION, ETC. (IMPRINT)
Place of publication Tavanur :
Name of publisher Department of Soil and Water Conservation Engineering,
Year of publication 2019.
700 ## - ADDED ENTRY--PERSONAL NAME
Personal name Abdul Hakkim V M, (Guide)
942 ## - ADDED ENTRY ELEMENTS (KOHA)
Koha item type Theses
Holdings
Collection code Home library Current library Full call number Accession Number Koha item type Public note
Reference KAUAET KAUAET 631.75807 JIN/EV T 436 Theses PhD Thesis
free website counter